Automatizované systémy řízení sešity INORGA
Uložené v:
| Médium: | Seriál |
|---|---|
| Jazyk: | Czech |
| Vydavateľské údaje: |
Praha
INORGA
1986
|
| Tagy: |
Žiadne tagy, Buďte prvý, kto otaguje tento záznam!
|
MARC
| LEADER | 00000nas2a2200000 4500 | ||
|---|---|---|---|
| 001 | s039708 | ||
| 005 | 20250730114150.8 | ||
| 041 | 0 | |a cze | |
| 044 | |a CZ | ||
| 245 | 1 | 0 | |a Automatizované systémy řízení |b sešity INORGA |
| 264 | 1 | |a Praha |b INORGA |c 1986 | |
| 300 | |a 2 zv. | ||
| 773 | 0 | |w eu_un_cat*s120549 | |